| 000 | 01090nam0a22002771 4500 | ||
|---|---|---|---|
| 001 | rc\3038265 | ||
| 005 | 20250806201849.0 | ||
| 035 | _a(NLR Aleph) 007178702 | ||
| 090 |
_a21293 _c21293 |
||
| 100 | _a20111005d1941 u y0rusy50 ca | ||
| 101 | 0 | _arus | |
| 102 | _aRU | ||
| 105 | _ay z ||||| | ||
| 200 | 1 |
_aАгроправила по семеноводству лугопастбищных трав в районах семенного рассадника _fСост. П.С. Туфанов _gПод ред. проф. А.Н. Прохорова _gИван. обл. зем. отдел |
|
| 210 |
_a[Иваново] _cГос. изд-во Иван. обл. _d1941 |
||
| 215 |
_a32 с. _d18 см |
||
| 300 | _aНа обл. сост. не указан | ||
| 700 | 1 |
_aТуфанов _bП.С. _f1889- _gПетр Сергеевич |
|
| 702 | 1 |
_aПрохоров _bА.Н. _4340 |
|
| 801 | 0 |
_aRU _bNLR _gpsbo |
|
| 801 | 1 |
_aRU _bELAR _2rusmarc |
|
| 852 |
_aNLR _bС _j50 Г-2/17 |
||
| 942 | _cBOOK | ||
| 945 | _aРоссийская национальная библиотека | ||
| 980 | _aNB | ||
| 980 | _aBV | ||